| 000 | 00575nam a22001937a 4500 | ||
|---|---|---|---|
| 999 |
_c5998 _d5998 |
||
| 003 | GBCCL | ||
| 005 | 20241126110553.0 | ||
| 008 | 180420b ||||| |||| 00| 0 eng d | ||
| 020 | _a0902870033 | ||
| 040 | _cgbc | ||
| 082 |
_a920 _bSIL |
||
| 100 |
_aLazell, David _910827 |
||
| 245 |
_aFirebrand: _bHerbert Silverwood and the years of revival / _cDavid Lazell |
||
| 260 |
_aEngland: _bFoundation Publications, _c1971 |
||
| 300 |
_a111 p.; _bill., _c18 cm. |
||
| 650 |
_aSilverwood, Herbert _z1901 - _910828 |
||
| 650 |
_aMethodists _zEngland _xBiography _910829 |
||
| 942 |
_2ddc _cBK |
||